01392nam a2200373Ic 450000100060000000300100000600500170001600700030003300800410003602000180007704000350009504100080013008400060013810000360014424500750018025000210025526400410027630000440031733600270036133700330038833800280042153400270044965000410047665000440051765000580056165000600061965000470067965000450072665000600077170000300083194200150086199900170087695201250089357930CO-BoRNBP20250812205353.0ta170410s2016 s a g 000 0 s  a9788488342546 aCO-BoRNBPbspaerdacCO-BoRNBP aspa aA aCarle, Eric,d1929-eaut96206113aEl camaleón camaleónico /cEric Carle ; traducción Esther Rubio. aQuinta edición 1aMadird, España :bKókinos,c2016 a[32] páginas :bilustraciones a color atextobtxt2rdacontent asin mediaciónbn2rdamedia avolumenbnc2rdacarrier tThe mixed-up chameleon07aAnimales en la literatura2LEMB985307aCamarones en la literatura2lemb96206207aConflictos de identidad en la literatura2lemb96206304aCuentos infantiles estadounidensesysiglo xx2LEMB981607aLibros ilustrados para niños2LEMB9200107aZoólogos en la literatura2lemb96206404aLiteratura infantil estadounidenseysiglo xx2LEMB9817 aRubio, Estheretrl962065 2loccBKLIT c57930d57930 00102ddc40708INFaMECASARIbMECASARIcLITd2025-08-12l0oApMDA001233r2025-08-12 20:57:18tEj.1w2025-08-12yBKLIT